එක්සත් ජාතීන් ගේ සංවිධානයේ ශාසන පත්‍ර‍ය = ஐக்கிய நாடுகள் சபையின் சாசனம் = Charter of the United Nations (Record no. 4686)

MARC details
000 -LEADER
fixed length control field 00672nam a2200157 4500
003 - CONTROL NUMBER IDENTIFIER
control field LK-CoMWRAF
005 - DATE AND TIME OF LATEST TRANSACTION
control field 20240128214709.0
008 - FIXED-LENGTH DATA ELEMENTS--GENERAL INFORMATION
fixed length control field 240128b |||||||| |||| 00| 0 eng d
040 ## - CATALOGING SOURCE
Original cataloging agency LK-CoMWRAF
Modifying agency LK-CoMWRAF
Description conventions LK-CoMWRAF
041 ## - LANGUAGE CODE
Language code of text/sound track or separate title Sinhala; Sinhalese
-- Tamil
-- English
082 ## - DEWEY DECIMAL CLASSIFICATION NUMBER
Classification number 323.4
Item number EKS
942 ## - ADDED ENTRY ELEMENTS (KOHA)
Koha item type Books
245 ## - TITLE STATEMENT
Title එක්සත් ජාතීන් ගේ සංවිධානයේ ශාසන පත්‍ර‍ය = ஐக்கிய நாடுகள் சபையின் சாசனம் = Charter of the United Nations
246 ## - VARYING FORM OF TITLE
Title proper/short title Eksath jatheenge shasana pathraya = Aikkiya nāṭukaḷ capaiyiṉ cācaṉam
260 ## - PUBLICATION, DISTRIBUTION, ETC. (IMPRINT)
Place of publication, distribution, etc. Colombo :
Name of publisher, distributor, etc. Sri Lanka foundation,
Holdings
Withdrawn status Lost status Damaged status Not for loan Permanent Location Current Location Date acquired Full call number Barcode Koha item type
        Resource center, Muslim Women's Research And Action Forum Resource center, Muslim Women's Research And Action Forum 2024-01-28 323.4 EKS RAF4997 Books

Copyright © 2023 Muslim Women's Research and Action Forum (MWRAF), No 27/3, Anderson Road, Kalubowila, Dehiwela. Funded by The Asia Fundation